header

Bad Kitty meets The Baby (Record no. 260980)

MARC details
000 -LEADER
fixed length control field 00241nam a22001097a 4500
020 ## - INTERNATIONAL STANDARD BOOK NUMBER
ISBN 9780545391085
100 ## - MAIN ENTRY--AUTHOR NAME
Personal name Nick Bruel
245 ## - TITLE STATEMENT
Title Bad Kitty meets The Baby
260 ## - PUBLICATION, DISTRIBUTION, ETC. (IMPRINT)
Place of publication New York
Name of publisher Scholastic
Year of publication 2011
300 ## - PHYSICAL DESCRIPTION
Number of Pages 143 pgs
942 ## - ADDED ENTRY ELEMENTS (KOHA)
Koha item type Long Loan Books
Holdings
Withdrawn status Lost status Collection code Home library Current library Shelving location Date acquired Accession Number Koha item type
    Fiction Rongo University Library Rongo University Library Children's Area 26/10/2023 CL20211704 Long Loan Books

© 2026 Rongo University
Contact us: librarian | system librarian | Rongo university